Русско-английский словарь научно-технической лексики: около 30 000 слов и словосочетаний

書目詳細資料
主要作者: Кузнецов Б. В. Борис Васильевич
語言:俄语
英语
出版: Москва, Русский язык, 1992
主題:
格式: MixedMaterials 圖書
KOHA link:https://koha.lib.tpu.ru/cgi-bin/koha/opac-detail.pl?biblionumber=40090

MARC

LEADER 00000nam0a2200000 4500
001 40090
005 20231031012101.0
010 |a 5823400225 
035 |a (RuTPU)RU\TPU\book\41067 
035 |a RU\TPU\book\39737 
090 |a 40090 
100 |a 20020423d1992 km y0rusy50 ca 
101 0 |a rus  |a eng 
102 |a RU 
105 |a y e 000zy 
200 1 |a Русско-английский словарь научно-технической лексики  |e около 30 000 слов и словосочетаний  |f Б. В. Кузнецов 
210 |a Москва  |c Русский язык  |d 1992 
215 |a 655 с. 
610 1 |a английский язык 
610 1 |a техника 
610 1 |a термины 
610 1 |a словари 
675 |a 62(038)  |v 3 
686 |a Ш143.21-43  |v LBC/SL-A  |2 rubbk 
700 1 |a Кузнецов  |b Б. В.  |g Борис Васильевич 
801 1 |a RU  |b 63413507  |c 20020319  |g PSBO 
801 2 |a RU  |b 63413507  |c 20140610  |g PSBO 
942 |c BK